<?xml version="1.0" encoding="UTF-8"?>
<record
    xmlns:xsi="http://www.w3.org/2001/XMLSchema-instance"
    xsi:schemaLocation="http://www.loc.gov/MARC21/slim http://www.loc.gov/standards/marcxml/schema/MARC21slim.xsd"
    xmlns="http://www.loc.gov/MARC21/slim">

  <leader>02744nab a2200229uuc4500</leader>
  <controlfield tag="001">1342248</controlfield>
  <controlfield tag="005">20240202113224.0</controlfield>
  <controlfield tag="008">130909e20110805                    spa  </controlfield>
  <datafield tag="035" ind1=" " ind2=" ">
    <subfield code="a">1342248</subfield>
  </datafield>
  <datafield tag="040" ind1=" " ind2=" ">
    <subfield code="c">comduadb</subfield>
  </datafield>
  <datafield tag="041" ind1=" " ind2=" ">
    <subfield code="a">spa</subfield>
  </datafield>
  <datafield tag="100" ind1="1" ind2="0">
    <subfield code="a">Lima, Hector de</subfield>
    <subfield code="4">aut</subfield>
    <subfield code="e">aut</subfield>
  </datafield>
  <datafield tag="245" ind1="1" ind2="0">
    <subfield code="a">Leishmaniasis cut&#xE1;nea americana en Venezuela, bienio 2008-2009</subfield>
  </datafield>
  <datafield tag="520" ind1="3" ind2=" ">
    <subfield code="a">Se presenta el reporte epidemiol&#xF3;gico de la Leishmaniasis Cut&#xE1;nea Americana (LCA) en Venezuela para los a&#xF1;os 2008-2009. Se describen las caracter&#xED;sticas epidemiol&#xF3;gicas generales, junto a algunos aspectos cl&#xED;nico-inmunol&#xF3;gicos de sus diferentes formas cl&#xED;nicas. Esto se logro a trav&#xE9;s del an&#xE1;lisis de la base de datos del registro nacional de leishmaniasis del Instituto de Biomedicina. La informaci&#xF3;n fue analizada con Epi Info 3.5.1 y Excel. Un total de 4.640 casos de las diferentes formas cl&#xED;nicas de leishmaniasis cut&#xE1;nea fueron diagnosticados en el periodo 2008-2009, una media de 2.320 casos por a&#xF1;o, con una tasa promedio anual de 8,25 por 100.000 habitantes. Predomina el sexo masculino con una raz&#xF3;n de masculinidad de 1,84 para el periodo en estudio. Casos en todas las edades, con predominio num&#xE9;rico en el grupo de 5 a 34 a&#xF1;os, edad promedio fue de 31,09 y 33,91 a&#xF1;os para 2008 y 2009 respectivamente. En cuanto a la ocupaci&#xF3;n 22,39 % corresponde a personas del sector agropecuario, seguido de estudiantes con 20,88% de los casos. Se registraron casos en todas las entidades federales menos en Nueva Esparta, en este periodo los estados con mayor n&#xFA;mero de casos fueron, Lara con 910 (19,61%), Miranda con 650 (14,01%) y T&#xE1;chira con 488 (10,52%). En cuanto a las formas cl&#xED;nicas se observ&#xF3; un predominio franco de la leishmaniasis cut&#xE1;nea localizada con 97,84% de los casos (4.540/4.640). Mientras que las formas localizadas est&#xE1;n distribuidas por todo el territorio nacional, las formas difusas predominan en el estado Lara (63,64%, 7/11), las formas Mucosas en los estados Bol&#xED;var (21,74%, 10/46), Portuguesa (15,22%, 7/46) y Miranda, T&#xE1;chira, Zulia (10,87%, 5/46 c/u) y finalmente las formas intermedias en los estados Monagas (30,23%, 13/43), Miranda (18,60%, 8/43) y T&#xE1;chira (13,95%, 6/43). Las caracter&#xED;sticas cl&#xED;nicas e inmunol&#xF3;gicas estudiadas variaron de acuerdo con las diferentes formas cl&#xED;nicas.</subfield>
  </datafield>
  <datafield tag="650" ind1=" " ind2=" ">
    <subfield code="a">Leishmaniasis cut&#xE1;nea</subfield>
    <subfield code="9">73657</subfield>
  </datafield>
  <datafield tag="650" ind1=" " ind2=" ">
    <subfield code="a">Leishmaniasis - Epidemiologia</subfield>
    <subfield code="9">72689</subfield>
  </datafield>
  <datafield tag="700" ind1="1" ind2="0">
    <subfield code="a">Borges, Rafael Horacio</subfield>
    <subfield code="4">aut</subfield>
    <subfield code="e">aut</subfield>
    <subfield code="9">652497</subfield>
  </datafield>
  <datafield tag="700" ind1="1" ind2="0">
    <subfield code="a">Convit Garc&#xED;a, Jacinto</subfield>
    <subfield code="4">aut</subfield>
    <subfield code="e">aut</subfield>
    <subfield code="9">353885</subfield>
  </datafield>
  <datafield tag="700" ind1="1" ind2="0">
    <subfield code="a">Escobar, Jaime</subfield>
    <subfield code="4">aut</subfield>
    <subfield code="e">aut</subfield>
  </datafield>
  <datafield tag="773" ind1="0" ind2=" ">
    <subfield code="t">Bolet&#xED;n de Malariolog&#xED;a y Salud Ambiental (Maracay)</subfield>
    <subfield code="g">Vol. 51, No. 02, Ago.-Dic. 2011, p. 215-224</subfield>
    <subfield code="w">952894</subfield>
    <subfield code="x">1690-4648</subfield>
    <subfield code="0">369895</subfield>
  </datafield>
  <datafield tag="942" ind1=" " ind2=" ">
    <subfield code="c">ARIMP</subfield>
  </datafield>
  <datafield tag="999" ind1=" " ind2=" ">
    <subfield code="c">663627</subfield>
    <subfield code="d">663627</subfield>
  </datafield>
</record>
